=LDR 00000nam 2200000 4500 =001 INLIS000000000024603 =005 20130612123158 =008 ***********************************Ind** =035 ##$$0010-061300000024603 =041 ##$$a Ind =082 ##$$a 364 =090 ##$$a 364, Sum p =100 ##$$a Sumarni =245 ##$$a Pelecehan tenaga kerja wanita, Sumardi =260 ##$$a 2000 $b Yogyakarta =300 ##$$a 71 hlm, ilus6c21 cm =650 ##$$a Pelecehan =850 ##$$a NBPNMAT